<?xml version="1.0" encoding="UTF-8"?>
<marc:record xmlns:marc="http://www.loc.gov/MARC21/slim">
   <marc:leader>00000nam a2200000 a 4500</marc:leader>
   <marc:datafield ind1="1" ind2=" " tag="100">
      <marc:subfield code="a">Harris, Maria G.</marc:subfield>
      <marc:subfield code="4">aut</marc:subfield>
      <marc:subfield code="e">Verfasser/-in</marc:subfield>
   </marc:datafield>
   <marc:datafield ind1="1" ind2=" " tag="100">
      <marc:subfield code="a">Biscomb, Andrew</marc:subfield>
   </marc:datafield>
   <marc:datafield ind1="0" ind2="0" tag="245">
      <marc:subfield code="a">Die unsichtbare Stadt</marc:subfield>
   </marc:datafield>
   <marc:datafield ind1="0" ind2="0" tag="245">
      <marc:subfield code="c">M. G. Harris. Dt. von Frank Böhmert</marc:subfield>
   </marc:datafield>
   <marc:datafield ind1=" " ind2="1" tag="264">
      <marc:subfield code="a">Hamburg</marc:subfield>
      <marc:subfield code="b">Dressler</marc:subfield>
      <marc:subfield code="c">2008</marc:subfield>
   </marc:datafield>
   <marc:datafield ind1="1" ind2=" " tag="520">
      <marc:subfield code="a">Angaben aus der Verlagsmeldung

Geheimakte Joshua - Die unsichtbare Stadt The Joshua Files / von Maria Harris

Wer rettet die Welt vor dem Untergang? Eine tödliche Prophezeiung aus der Welt der Maya Joshuas Vater, ein Archäologe, ist bei einem Flugzeugunfall in Mexiko ums Leben gekommen. Schnell stellt sich heraus, dass er ermordet wurde. Aber warum? Joshua durchforstet die E-Mails seines Vaters und entdeckt, dass dieser einer sagenumwobenen Maya-Prophezeiung, dem Ix-Code, auf der Spur war, in der das Ende der Welt für das Jahr 2012 angekündigt wird. Als er bemerkt, dass ein Unbekannter ihm bei seinen Nachforschungen in die Quere kommt, macht er sich selbst auf die Reise in den Dschungel, wo der geheime Zugang zur sagenumwobenen Maya-Stadt Ek Naab liegt. Doch er ist nicht der einzige, der den Code an sich bringen will … “Indiana Jones” meets “Akte X”: das ist Kino für den Kopf! Ein internationaler Bestseller, rasant und actionreich und nicht aus der Hand zu legen. Im besonders aufwendigen, auffälligen Neon-Slipcase aus transparentem Kunststoff. „Sieht anders als alle anderen Bücher aus – daran kommt keiner vorbei!“ (Sunday Express, Main) „Ein absolut packender Thriller! Rasant und kenntnisreich, abwechslungsreich und vielschichtig komponiert!“ (The Herald, Glasgow)
</marc:subfield>
   </marc:datafield>
   <marc:datafield ind1=" " ind2=" " tag="020">
      <marc:subfield code="a">9783791508139</marc:subfield>
      <marc:subfield code="9">9783791508139</marc:subfield>
   </marc:datafield>
   <marc:datafield ind1=" " ind2=" " tag="041">
      <marc:subfield code="a">ger</marc:subfield>
   </marc:datafield>
   <marc:datafield ind1=" " ind2=" " tag="300">
      <marc:subfield code="a">380 S.</marc:subfield>
   </marc:datafield>
</marc:record>
